|
|
|
|
| LEADER |
00966nam a2200253 a 4500 |
| 001 |
GR-MES15859 |
| 008 |
101118s gr 000 0 eng d |
| 020 |
|
|
|a 9780471776
|q (paper/website)
|
| 040 |
|
|
|a GrPaTEI
|b gre
|c GR-PaULI
|
| 040 |
|
|
|a GrPaTEI
|b gre
|c GR-PaULI
|
| 082 |
|
0 |
|a 005.432
|2 22
|
| 245 |
0 |
0 |
|a Professional Linux programming /
|c Jon Masters , Richard Blum.
|
| 260 |
|
|
|a Indianapolis :
|b Wiley/Wrox,
|c c2007
|
| 300 |
|
|
|a xxiii, 465 σ. :
|b εικ. ;
|c 24 εκ.
|
| 490 |
0 |
|
|a Wrox professional guides
|
| 500 |
|
|
|a Περιλαμβάνει ευρετήριο.
|
| 650 |
|
0 |
|a LINUX
|
| 650 |
|
0 |
|a Operating systems (Computers)
|
| 700 |
1 |
|
|a Blum, Richard
|
| 700 |
1 |
|
|a Masters, Jon
|
| 942 |
|
|
|2 ddc
|
| 952 |
|
|
|0 0
|1 0
|2 ddc
|4 0
|6 005_432000000000000_MAS
|7 0
|9 273515
|a MSLG
|b MSLG
|c BSC
|d 2021-01-17
|e 24
|f 0
|g 0.00
|l 0
|o 005.432 MAS
|p 2420000024404
|r 2021-01-17 00:00:00
|t 1
|w 2021-01-17
|y BK15
|x 20101118 0 1
|x GrPaTEI
|
| 971 |
|
|
|a .b25819082
|b 15-04-20
|c 13-09-16
|
| 999 |
|
|
|c 158436
|d 158436
|